| 000 | 00616cam a22002053a 4500 | ||
|---|---|---|---|
| 001 | 42179 | ||
| 003 | PGUSA | ||
| 005 | 20140828083943.0 | ||
| 008 | 130223s2013||||xxu|||||s|||||000 | eng d | ||
| 040 |
_aPGUSA _beng |
||
| 042 | _adc | ||
| 100 | 1 |
_aHallam, Henry, _d1777-1859 |
|
| 245 | 1 | 0 |
_aConstitutional History of England, Henry VII to George II, Volume II _h[electronic resource] / _cHenry Hallam |
| 260 |
_bProject Gutenberg, _c2013 |
||
| 506 | _aPublic domain in the USA. | ||
| 516 | _aElectronic text | ||
| 830 | 0 |
_aProject Gutenberg _v42179 |
|
| 856 | 4 | 0 | _uhttp://www.gutenberg.org/ebooks/42179 |
| 942 | _cEB | ||
| 999 |
_c271431 _d271431 |
||